[Event "Barcelona Sant Marti op 04th"]
[Site "Barcelona"]
[Date "2002.04.06"]
[Round "1.25"]
[White "Tort Toledo, Manel"]
[Black "Amoros Aguilar, Luis"]
[Result "0-1"]
[WhiteElo "1765"]
[BlackElo "2000"]
[PlyCount "60"]
[EventDate "2002.04.06"]
[EventType "swiss"]
[EventRounds "9"]
[EventCountry "ESP"]
[SourceTitle "EXT 2003"]
[Source "ChessBase"]
[SourceDate "2002.11.25"]
[SourceVersion "1"]
[SourceVersionDate "2002.11.25"]
[SourceQuality "1"]

1. d4 f5 2. Nf3 g6 3. e3 Bg7 4. Bc4 d6 5. Nc3 Nf6 6. Nd5 e6 7. Nf4 d5 8. Bb3 0-0 9. Ng5 Qe8 10. c4 h6 11. Nf3 c6 12. cxd5 Nxd5 13. Bxd5 exd5 14. b3 Nd7 15. Ba3 Rf6 16. b4 g5 17. Nd3 f4 18. Bc1 Nf8 19. Nfe5 fxe3 20. Bxe3 b6 21. 0-0 Ba6 22. f4 Ng6 23. Rf2 gxf4 24. Nxf4 Nxe5 25. dxe5 Rf5 26. Rc1 Qxe5 27. Qd2 d4 28. Ng6 dxe3 29. Nxe5 exf2+ 30. Qxf2 Rxf2 0-1